[Event "Al Ain op 3rd"]
[Site "Al Ain"]
[Date "2014.12.20"]
[Round "3"]
[White "Abdyjapar, Asyl"]
[Black "Safarov, Zirva"]
[Result "1-0"]
[WhiteElo "2385"]
[BlackElo "2104"]
[PlyCount "99"]
[EventDate "2014.12.19"]
[EventType "swiss"]
[EventRounds "9"]
[EventCountry "UAE"]
[SourceTitle "CBM 164 Extra"]
[Source "ChessBase"]
[SourceDate "2015.03.02"]
[SourceVersion "1"]
[SourceVersionDate "2015.03.02"]
[SourceQuality "1"]

1. d4 g6 2. c4 Bg7 3. Nf3 d6 4. Nc3 Nd7 5. e4 e5 6. Be2 Ne7 7. 0-0 0-0 8. Be3 h6 9. dxe5 dxe5 10. Qc1 Kh7 11. Rd1 f5 12. Qc2 fxe4 13. Nxe4 Nf5 14. Bc5 Rf7 15. Ng3 Qf6 16. Nxf5 gxf5 17. Be3 b6 18. g3 Nf8 19. c5 Ng6 20. Rac1 Be6 21. cxb6 axb6 22. a3 Rg8 23. h4 Bf8 24. Kf1 f4 25. gxf4 Kh8 26. fxe5 Bh3+ 27. Ke1 Nxe5 28. Bd4 Bd6 29. Nxe5 Bxe5 30. Bxe5 Qxe5 31. Qc3 Re8 32. Rd3 Bg2 33. Re3 Qxc3+ 34. Rcxc3 Ref8 35. Re6 Rxf2 36. Rg3 Rxe2+ 37. Kxe2 Bf1+ 38. Ke3 Kh7 39. Re7+ Kh8 40. Rf3 Rxf3+ 41. Kxf3 c6 42. Kf4 Bc4 43. Ke5 b5 44. Rc7 Bd5 45. b4 Bf3 46. Kf6 Be4 47. Re7 Bd3 48. Re6 Kh7 49. Rxc6 h5 50. Kg5 1-0

[Event "Al Ain op 3rd"]
[Site "Al Ain"]
[Date "2014.12.19"]
[Round "1"]
[White "Iordachescu, Viorel"]
[Black "Safarov, Zirva"]
[Result "1-0"]
[WhiteElo "2611"]
[BlackElo "2104"]
[PlyCount "69"]
[EventDate "2014.12.19"]
[EventType "swiss"]
[EventRounds "9"]
[EventCountry "UAE"]
[SourceTitle "CBM 164 Extra"]
[Source "ChessBase"]
[SourceDate "2015.03.02"]
[SourceVersion "1"]
[SourceVersionDate "2015.03.02"]
[SourceQuality "1"]

1. e4 e6 2. d4 d5 3. Nc3 Nf6 4. Bg5 Be7 5. e5 Nfd7 6. h4 a6 7. Qg4 f5 8. Qh5+ g6 9. Qh6 Bxg5 10. hxg5 Qe7 11. Nge2 Qf8 12. Qh4 Qg7 13. Nf4 Nf8 14. 0-0-0 Nbd7 15. g4 fxg4 16. Qxg4 Nb6 17. Nd3 Bd7 18. Nc5 0-0-0 19. Qf4 Re8 20. a4 Re7 21. a5 Rf7 22. Qe3 Nc4 23. Bxc4 dxc4 24. d5 Rf5 25. Rhe1 Qe7 26. f4 Kb8 27. d6 Qd8 28. N3e4 c6 29. Nf6 Rxf6 30. exf6 Qxa5 31. Kb1 Qb4 32. Qd4 h5 33. c3 Qb5 34. Re5 Qb6 35. f5 1-0

[Event "Al Ain rapid"]
[Site "Al Ain"]
[Date "2014.12.18"]
[Round "6"]
[White "Kovchan, Alexander"]
[Black "Safarov, Zirva"]
[Result "1-0"]
[WhiteElo "2520"]
[BlackElo "2104"]
[PlyCount "77"]
[EventDate "2014.12.18"]
[EventType "swiss (rapid)"]
[EventRounds "7"]
[EventCountry "UAE"]
[SourceTitle "EXT 2016"]
[Source "ChessBase"]
[SourceDate "2015.10.08"]
[SourceVersion "1"]
[SourceVersionDate "2015.10.08"]
[SourceQuality "1"]

1. e4 e6 2. d4 d5 3. Nc3 Nf6 4. Bg5 Be7 5. e5 Nfd7 6. Bxe7 Qxe7 7. f4 a6 8. Nf3 c5 9. dxc5 Qxc5 10. Qd2 Nc6 11. Bd3 b5 12. a3 Nb6 13. b4 Qe7 14. 0-0 g6 15. Qf2 Qc7 16. Bxb5 axb5 17. Nxb5 Qb8 18. Nd6+ Kd7 19. Nxf7 Ba6 20. Rfd1 Rf8 21. Nd6 Nc4 22. Nxc4 Bxc4 23. Nd2 Qb5 24. Ne4 Nxe5 25. Nc5+ Kc6 26. Nxe6 Qb6 27. Qxb6+ Kxb6 28. Nxf8 Ng4 29. Nd7+ Kc7 30. Ne5 Ne3 31. Rd2 Bb5 32. Kf2 d4 33. Rxd4 Nf5 34. Rd5 Ba4 35. Rad1 Rf8 36. Rc5+ Kb7 37. g3 g5 38. Nc4 Bxc2 39. Na5+ 1-0

[Event "Al Ain op 2nd"]
[Site "Al Ain"]
[Date "2013.12.27"]
[Round "8"]
[White "Mezioud, Amina"]
[Black "Safarov, Zirva"]
[Result "0-1"]
[WhiteElo "2048"]
[BlackElo "2120"]
[PlyCount "58"]
[EventDate "2013.12.19"]
[EventType "swiss"]
[EventRounds "9"]
[EventCountry "UAE"]
[SourceTitle "CBM 158 Extra"]
[Source "ChessBase"]
[SourceDate "2014.02.28"]
[SourceVersion "1"]
[SourceVersionDate "2014.02.28"]
[SourceQuality "1"]

1. e4 e6 2. d4 d5 3. Nd2 c5 4. dxc5 Bxc5 5. Nb3 Bb6 6. exd5 exd5 7. Nf3 Nf6 8. Bd3 0-0 9. 0-0 Nc6 10. h3 Re8 11. Bg5 h6 12. Bh4 g5 13. Bg3 Ne4 14. Bh2 Qf6 15. c3 g4 16. hxg4 Bxg4 17. Be2 Ng5 18. Nfd4 Rxe2 19. Nxe2 Re8 20. Nbc1 Qe7 21. Qd2 Bxe2 22. Nxe2 Qxe2 23. Qxd5 Qxb2 24. Kh1 Qxc3 25. Bf4 Qf6 26. Be3 Re5 27. Qd7 Re4 28. Bxg5 hxg5 29. g3 Qf3+ 0-1

[Event "Al Ain op 2nd"]
[Site "Al Ain"]
[Date "2013.12.24"]
[Round "6"]
[White "Tuvsanaa, Nyamaa"]
[Black "Safarov, Zirva"]
[Result "1-0"]
[WhiteElo "2162"]
[BlackElo "2120"]
[PlyCount "209"]
[EventDate "2013.12.19"]
[EventType "swiss"]
[EventRounds "9"]
[EventCountry "UAE"]
[SourceTitle "CBM 158 Extra"]
[Source "ChessBase"]
[SourceDate "2014.02.28"]
[SourceVersion "1"]
[SourceVersionDate "2014.02.28"]
[SourceQuality "1"]

1. d4 Nf6 2. c4 e5 3. dxe5 Ng4 4. Nf3 Bc5 5. e3 Nc6 6. Bd2 Ngxe5 7. Nxe5 Nxe5 8. Bc3 d6 9. a3 a5 10. Be2 0-0 11. Nd2 Bd7 12. b4 Bb6 13. c5 Ba7 14. 0-0 Re8 15. cxd6 cxd6 16. Ne4 Bc6 17. Ng3 Rc8 18. b5 Bxg2 19. Bxa5 Qxa5 20. Kxg2 Bc5 21. a4 b6 22. Qd5 Re6 23. f4 Nd7 24. Bg4 Nf6 25. Qb7 Rce8 26. Bxe6 Rxe6 27. Nf5 h5 28. h3 Qd2+ 29. Kh1 Qd3 30. Qc8+ Ne8 31. Ng3 Qxe3 32. Rg1 h4 33. Nf1 Qf3+ 34. Rg2 Re2 35. Qg4 Qxg4 36. hxg4 Re4 37. f5 Nf6 38. Nd2 Rb4 39. g5 Ng4 40. Re2 Kh7 41. Re7 Rb2 42. Nf1 Nf2+ 43. Kg2 Ne4+ 44. Kh3 d5 45. Rd7 Nxg5+ 46. Kxh4 Rg2 47. Ng3 Nf3+ 48. Kg4 Ne5+ 49. Kh3 Rxg3+ 50. Kxg3 Nxd7 51. a5 bxa5 52. Rxa5 Kh6 53. Kh4 g5+ 54. fxg6 Kxg6 55. Kg4 Kf6 56. Kf4 Ke6 57. Ra6+ Bd6+ 58. Kf3 f5 59. b6 Nb8 60. Ra7 d4 61. Rh7 Kd5 62. Rh5 Ke5 63. b7 Ke6 64. Rh7 Be5 65. Rh6+ Kd5 66. Rh5 f4 67. Rg5 d3 68. Rg8 Nc6 69. Rc8 Nd4+ 70. Kf2 d2 71. Rd8+ Ke4 72. Re8 d1Q 73. Rxe5+ Kd3 74. b8Q Qf3+ 75. Kg1 Qg3+ 76. Kf1 Qh3+ 77. Kf2 Qf3+ 78. Kg1 Qd1+ 79. Kf2 Qc2+ 80. Kf1 f3 81. Qg8 Qb1+ 82. Re1 Qb5 83. Qc8 Nc2 84. Re8 Ne3+ 85. Kf2 Qb2+ 86. Kxf3 Qg2+ 87. Kf4 Qg4+ 88. Ke5 Qe4+ 89. Kf6 Nd5+ 90. Kf7 Qh7+ 91. Ke6 Kd4 92. Qd8 Qg6+ 93. Kd7 Qf5+ 94. Re6 Qf7+ 95. Kd6 Qf4+ 96. Kc6 Qc1+ 97. Kd7 Qf4 98. Qh8+ Kd3 99. Rd6 Qf7+ 100. Kc6 Kc4 101. Qh4+ Nf4 102. Qe1 Qf5 103. Qc1+ Kb3 104. Qe3+ Ka2 105. Rd2+ 1-0

[Event "Al Ain op 2nd"]
[Site "Al Ain"]
[Date "2013.12.19"]
[Round "1"]
[White "Hayrapetyan, Hovik"]
[Black "Safarov, Zirva"]
[Result "1/2-1/2"]
[WhiteElo "2458"]
[BlackElo "2120"]
[PlyCount "115"]
[EventDate "2013.12.19"]
[EventType "swiss"]
[EventRounds "9"]
[EventCountry "UAE"]
[SourceTitle "CBM 158 Extra"]
[Source "ChessBase"]
[SourceDate "2014.02.28"]
[SourceVersion "1"]
[SourceVersionDate "2014.02.28"]
[SourceQuality "1"]

1. d4 d5 2. c4 c6 3. Nc3 Nf6 4. cxd5 cxd5 5. Bf4 e6 6. e3 a6 7. Bd3 Nc6 8. Rc1 Bd6 9. Bxd6 Qxd6 10. f4 b5 11. Nf3 Bd7 12. 0-0 Ng4 13. Qe2 f5 14. h3 Nf6 15. Ne5 0-0 16. Bxb5 axb5 17. Nxb5 Nxd4 18. Nxd4 Rxa2 19. Qc2 Rb8 20. Nd3 Qa6 21. Rfd1 h6 22. Qc7 Rc8 23. Qxc8+ Bxc8 24. Nb4 Qb7 25. Nxa2 Bd7 26. b3 g5 27. g3 Qb8 28. Nc3 e5 29. Nde2 d4 30. exd4 exf4 31. gxf4 gxf4 32. Rf1 Nh5 33. Nd5 Qxb3 34. Nexf4 Nxf4 35. Nxf4 Qe3+ 36. Kh2 Qd2+ 37. Kg3 Qxd4 38. Rcd1 Qg7+ 39. Kh2 Qb2+ 40. Kg3 Bc6 41. Rd6 Qa3+ 42. Rd3 Qe7 43. Kh2 Qe4 44. Rg3+ Kf7 45. Nd3 Qe2+ 46. Rf2 Qe6 47. Rg6 Qd5 48. Rxc6 Qxd3 49. Rb2 Qd7 50. Rxh6 Qd5 51. Rb7+ Kg8 52. Rhh7 Qd2+ 53. Kg3 f4+ 54. Kg4 Qd1+ 55. Kxf4 Qd4+ 56. Kg5 Qd8+ 57. Rhe7 Kf8 58. Kg4 1/2-1/2